The Psychology of Peace Promotion Global Perspectives on Personal Peace, Children and Adolescents, and Social Justice /

This volume Psychology of Peace Promotion builds on previous volumes of peace psychology, extending its contributions by drawing from peace research and practices from five continents - Africa, Asia, Europe, North America and South America. The book discusses emerging disciplinary and inter-discipli...

Full description

Bibliographic Details
Corporate Author: SpringerLink (Online service)
Other Authors: Njoku, Mary Gloria C. (Editor, http://id.loc.gov/vocabulary/relators/edt), Jason, Leonard A. (Editor, http://id.loc.gov/vocabulary/relators/edt), Johnson, R. Burke (Editor, http://id.loc.gov/vocabulary/relators/edt)
Format: Electronic eBook
Language:English
Published: Cham : Springer International Publishing : Imprint: Springer, 2019.
Edition:1st ed. 2019.
Series:Peace Psychology Book Series,
Subjects:
Online Access:Full Text via HEAL-Link
LEADER 05429nam a2200553 4500
001 978-3-030-14943-7
003 DE-He213
005 20191026021025.0
007 cr nn 008mamaa
008 190704s2019 gw | s |||| 0|eng d
020 |a 9783030149437  |9 978-3-030-14943-7 
024 7 |a 10.1007/978-3-030-14943-7  |2 doi 
040 |d GrThAP 
050 4 |a HM1001-1281 
072 7 |a JMS  |2 bicssc 
072 7 |a PSY023000  |2 bisacsh 
072 7 |a JMS  |2 thema 
082 0 4 |a 155.2  |2 23 
082 0 4 |a 302  |2 23 
245 1 4 |a The Psychology of Peace Promotion  |h [electronic resource] :  |b Global Perspectives on Personal Peace, Children and Adolescents, and Social Justice /  |c edited by Mary Gloria C. Njoku, Leonard A. Jason, R. Burke Johnson. 
250 |a 1st ed. 2019. 
264 1 |a Cham :  |b Springer International Publishing :  |b Imprint: Springer,  |c 2019. 
300 |a XXVII, 414 p. 27 illus., 19 illus. in color.  |b online resource. 
336 |a text  |b txt  |2 rdacontent 
337 |a computer  |b c  |2 rdamedia 
338 |a online resource  |b cr  |2 rdacarrier 
347 |a text file  |b PDF  |2 rda 
490 1 |a Peace Psychology Book Series,  |x 2197-5779 
505 0 |a 1.Promoting Peace through Mindfulness -- 2.Mindfulness and Peace -- 3.Empathic Assessment Heuristic -- 4.Promoting a Peaceful Generation through Parenting, Education, and Civic Engagement -- 5.Raising a Peaceful Generation -- 6.Finding Light In the Barrios of Caracas: A Peace-Promotion Initiative with Marginalized Youth -- 7.Cultural Scars and Lost Innocence. The Psychology of the African Child: Debasement and Renewal -- 8.Peace Education -- 9.Developmental Psychology and Peace -- 10.Diversity and Peace -- 11.Social Networks that Promote Peace -- 12.Making Humanitarian Organizations/Programs Culturally Relevant for Minority Population within the Middle East -- 13.Violence within Corrections: The Intersection of Feminist Criminology, Peace, Psychology and Human Rights -- 14.Diversity and Human Rights -- 15.Traditional Methods of Promoting Peace in Southwest and Southeast, Nigeria -- 16.Promoting Peace through Religious Strategies -- 17.Truth, Forgiving, and Reconciling: Pathways to Peace and the Context of Refugees -- 18.Forgiveness and Peace -- 19.Social Justice and Peace -- 20.Creating and Sustaining Peace through Storytelling -- 21.Turning Problems into Potential: Positive Social Movement Dynamics -- 22.Environmental Psychology and Peace -- 23.Peace Research by Peaceful Means. 
520 |a This volume Psychology of Peace Promotion builds on previous volumes of peace psychology, extending its contributions by drawing from peace research and practices from five continents - Africa, Asia, Europe, North America and South America. The book discusses emerging disciplinary and inter-disciplinary theories and actions. Each chapter begins with a theoretical framework for understanding peace, followed by a critical review of peace promotion in a specific setting, and concludes with an illustration of psychological principles or theories in either a narrative format or an empirical investigation. This volume develops, as well as guides, its readers on the epistemology of promoting and sustaining peace in varied settings around the world. This book presents relevant, cutting-edge peace promotion strategies to anyone interested in promoting peace more effectively, including peace practitioners, scholars, teachers, and researchers, as well as the general reader. It presents a number of innovative approaches, illustrating their applications to specific social problems, settings and populations. In addition, this volume has much in store for both academic and practice-based scientists in the field of peace psychology, mental health professionals, administrators, educators, and graduate students from various disciplines. The goal is the promotion and sustenance of peace, using theoretically sound, yet innovative and creative approaches. As expressed by the United Nations Secretary, "peace does not occur by happenstance." Promoting and sustaining peace requires reflective, thoughtful, and targeted efforts. This book inspires its readers to develop a better understanding of peace and the means of promoting peace in a sustainable way. 
650 0 |a Personality. 
650 0 |a Social psychology. 
650 0 |a Psychology, Applied. 
650 0 |a Developmental psychology. 
650 1 4 |a Personality and Social Psychology.  |0 http://scigraph.springernature.com/things/product-market-codes/Y20050 
650 2 4 |a Applied Psychology.  |0 http://scigraph.springernature.com/things/product-market-codes/Y20210 
650 2 4 |a Developmental Psychology.  |0 http://scigraph.springernature.com/things/product-market-codes/Y20010 
700 1 |a Njoku, Mary Gloria C.  |e editor.  |4 edt  |4 http://id.loc.gov/vocabulary/relators/edt 
700 1 |a Jason, Leonard A.  |e editor.  |4 edt  |4 http://id.loc.gov/vocabulary/relators/edt 
700 1 |a Johnson, R. Burke.  |e editor.  |4 edt  |4 http://id.loc.gov/vocabulary/relators/edt 
710 2 |a SpringerLink (Online service) 
773 0 |t Springer eBooks 
776 0 8 |i Printed edition:  |z 9783030149420 
776 0 8 |i Printed edition:  |z 9783030149444 
776 0 8 |i Printed edition:  |z 9783030149451 
830 0 |a Peace Psychology Book Series,  |x 2197-5779 
856 4 0 |u https://doi.org/10.1007/978-3-030-14943-7  |z Full Text via HEAL-Link 
912 |a ZDB-2-BSP 
950 |a Behavioral Science and Psychology (Springer-41168)